000 00781nam a22001937a 4500
999 _c28778
_d28778
003 BDDh-ASL
005 20231016062619.0
008 220530s2011 b ||||| |||| 00| 0 b d
040 _cBDDh-ASL
082 _a920.72
_bRAA
100 1 _96254
_aরহমান, মো: সাদেকুর
_cঅধ্যক্ষ
245 1 _aঅনন্যা এক নারী নওয়াব ফয়জুন্নেছা
246 _aAnannya Ek Nari Nawab Fayjunnecha
260 _aঢাকা:
_bবিভাস,
_c২০১১।
300 _a১৬০ পৃষ্ঠা:
_c২২ সে.মি.
600 1 0 _96255
_aফয়জুন্নেসা, নওয়াব
650 0 _abiographical dictionary - চরিতাভিধান
_94665
942 _2ddc
_cBK